Portugalsko

Saved in:
Bibliographic Details
Format: Book
Language:Czech
Published: Praha Pressfoto 1984
Series:Obchodně ekonomické sborníky sv. 74
Tags: Add Tag
No Tags, Be the first to tag this record!

MARC

LEADER 00000nam a2200000 4500
001 c108263
005 20250722080404.0
041 0 |a cze 
044 |a CZ 
245 1 0 |a Portugalsko  |c Jaroslav Krýsl a kol. 
264 1 |a Praha  |b Pressfoto  |c 1984 
300 |a 149 s. 
490 1 |a Obchodně ekonomické sborníky  |v sv. 74 
830 0 |a Obchodně ekonomické sborníky  |v sv. 74